000 00516nam a2200169 i 4500
001 32855
003 ES-MaACL
005 20230906154640.0
007 t|
008 030131s1967 sp ||||1| spa d
100 1 _aBermejo Zuazua, Antonio.
_928121
245 1 0 _aAlimentación del ganado /
_cAntonio Bermejo Zuazua.
260 _aMadrid :
_bMinisterio de Agricultura,
_c1967.
300 _a422 p. :
_bil. ;
_c19 cm.
710 1 _aEspaƱa.
_bMinisterio de Agricultura.
_93837
852 _aES-MaACL
_jC-33310
_bR.64087
999 _c32855
_d32855